Jak se vypořádat se střetem kultur
Ako sa vysporiadali so stretom kultúr v medzinárodnej farmaceutickej spoločnosti Zentiva. Adaptačný seminár a firemný deň pre zamestnancov. Spojenie farmaceutických firiem Léčiva - Česko, Slovakofarma - Slovensko a Sicomed - Rumunsko. Rokovací jazyk angličtina. Spoločný zamestnanecký časopis Qalt. S...
Saved in:
| Main Author: | |
|---|---|
| Format: | Book Chapter |
| Language: | Czech |
| Subjects: | |
| Tags: |
No Tags, Be the first to tag this record!
|
MARC
| LEADER | 00000naa$a2200000$$$4500 | ||
|---|---|---|---|
| 001 | 0050422 | ||
| 005 | 20231016105217.0 | ||
| 041 | 0 | |a cze | |
| 044 | |a CZ | ||
| 245 | 1 | 0 | |a Jak se vypořádat se střetem kultur |c John Rafferty |
| 520 | |a Ako sa vysporiadali so stretom kultúr v medzinárodnej farmaceutickej spoločnosti Zentiva. Adaptačný seminár a firemný deň pre zamestnancov. Spojenie farmaceutických firiem Léčiva - Česko, Slovakofarma - Slovensko a Sicomed - Rumunsko. Rokovací jazyk angličtina. Spoločný zamestnanecký časopis Qalt. Sťahovanie manažérov firmy na iné trhy. | ||
| 610 | 2 | 0 | |a spoločnosti nadnárodné |
| 610 | 2 | 0 | |a spolupráca medzinárodná |
| 610 | 2 | 0 | |a národ |
| 610 | 2 | 0 | |a kultúra |
| 610 | 2 | 0 | |a manažéri |
| 610 | 2 | 0 | |a zamestnanci |
| 610 | 2 | 0 | |a časopisy |
| 610 | 2 | 0 | |a priemysel farmaceutický |
| 610 | 2 | 0 | |a obchod |
| 610 | 2 | 0 | |a Zentiva |
| 100 | 1 | |a Rafferty, John | |